| 000 | 00571nam a22002177a 4500 | ||
|---|---|---|---|
| 005 | 20230412115612.0 | ||
| 008 | 230330b |||||||| |||| 00| 0 eng d | ||
| 020 | _a998224020X | ||
| 040 |
_aCBULib _cCBULib |
||
| 041 | _aeng | ||
| 050 | _aDT 3111.Z85 Zuk | ||
| 100 | _aZukas, Simon | ||
| 245 |
_aInto exile and back _c/ by Simon Zukas |
||
| 260 |
_aLusaka : _bBookworld, _c2002 |
||
| 300 | _avii, 220 pages : illustrations | ||
| 600 | _aZUKAS, SIMON | ||
| 650 | _aCABINET OFFICERS | ||
| 650 | _aEXILES | ||
| 650 | _aPOLITICS--GOVERNMENT--ZAMBIA | ||
| 942 | _c002 | ||
| 999 |
_c75611 _d75611 |
||